| 000 | 01692nam a22002057a 4500 | ||
|---|---|---|---|
| 999 |
_c468 _d468 |
||
| 003 | OSt | ||
| 005 | 20220610134902.0 | ||
| 008 | 180321b xxu||||| |||| 00| 0 spa d | ||
| 040 | _cPJ | ||
| 100 |
_aTorres Gigena, Carlos _9601 |
||
| 245 | 1 | 0 |
_aAsilo diplomático : _bsu práctica y teoría / _cCarlos Torres Gigena. |
| 260 |
_aBuenos Aires : _bLa Ley, _c1960. |
||
| 300 |
_a482 p. _c24 cm. |
||
| 500 | _aNotas al pie de página. | ||
| 505 |
_aPRIMERA PARTE
DEL ASILO EN GENERAL
Capitulo I
1. Orígenes
Capitulo II
1. Clasificación.
SEGUNDA PARTE
DEL ASILO DIPLOMATICO
Capitulo I
1. Historia en la institución en Europa
Capitulo II
1. Casos de asilos en que intervino la República Argentina.
Capitulo III
1. Opiniones jurídicas.
Capitulo IV
1. El asilo diplomático como derecho.
Capitulo V
1. Del asilado.
Capitulo VI
1. La clasificación del delito en el asilo diplomático.
Capitulo VII
1. Lugares de asilo.
Capitulo VIII
1. Obligaciones de la autoridad asilante..
Capitulo IX
1. Obligaciones del gobierno territorial.
Capitulo X
1. Terminación del asilo diplomático.
Capitulo XI
1. El asilo y el reconocimiento del gobierno de facto.
Capitulo XII
1.El asilo diplomático ante organismos internacionales.
TERCERA PARTE
Capitulo XIII
1. Tratados, Convenciones y acuerdos proyectos oficiales de tratados y convenciones informes y debates en congresos internacionales controversias diplomáticas resoluciones de instituciones jurídicas.
_rTORRES GIGENA _tASILO DIPLOMATICO |
||
| 650 | 0 |
_9495 _aDERECHO INTERNACIONAL |
|
| 650 | 0 |
_9500 _aRELACIONES DIPLOMÁTICAS |
|
| 650 | 0 |
_9602 _aASILO DIPLOMATICO |
|
| 942 |
_2udc _cLIB _h341.43 _iTOR |
||